000 00355nam a22001337a 4500
008 250318b |||||||| |||| 00| 0 eng d
020 _a0582300894
050 _aHD1131
_b.B53
100 _aBLAIKIE, Piers M.
245 _aThe Political Economy of Soil Erosion in Developing Countries
260 _aNew York
_bLongman
_c1985
300 _a188p.
942 _cBK
999 _c2404
_d2404